000 00753nam a22002297a 4500
005 20170124110226.0
010 _aA-710449
020 _c120.00
_a8185328129
035 _aA-710449
037 _bCen Lib/Ret
040 _aDPL
_bEN
082 _a921
_bBAN
100 _aBandyopadhyay, Pranab
_923163
245 _aSwami Vivekananda :
_cby Pranab Bandyopadhyay
_band the modern world /
260 _aCalcutta
_bUnited Writers
_c1990
270 _bCalcutta
_a3, Middleton Row, Flat H-10
_e700 071
300 _a144p.
_c21cm(Hb)
500 _aIncludes bibliographical references and index
650 _aSwami Vivekananda -- a study
_940846
650 _aSwami Vivekananda -- Social philosophy
_940847
942 _2ddc
_cEN
_h921
_mBAN
999 _c134482
_d134482